Marketing research

Gespeichert in:
Bibliographische Detailangaben
1. Verfasser: Cooper, Donald R.
Format: Buch
Sprache:Undetermined
Veröffentlicht: New York McGraw-Hill/Irwin 2006
Schlagworte:
Tags: Tag hinzufügen
Keine Tags, Fügen Sie den ersten Tag hinzu!
Thư viện lưu trữ: Trung tâm Học liệu Trường Đại học Cần Thơ
LEADER 00521nam a2200181Ia 4500
001 CTU_188930
008 210402s9999 xx 000 0 und d
082 |a 658.83 
082 |b C776 
100 |a Cooper, Donald R. 
245 0 |a Marketing research 
245 0 |c Donald R. Cooper, Pamela S. Schindler 
260 |a New York 
260 |b McGraw-Hill/Irwin 
260 |c 2006 
650 |a Marketing research,Nghiên cứu tiếp thị 
910 |a Hải 
980 |a Trung tâm Học liệu Trường Đại học Cần Thơ